|
|
|
|
| LEADER |
01040nam a2200277 u 4500 |
| 001 |
10021997 |
| 003 |
upatras |
| 005 |
20211210135212.0 |
| 008 |
990123s1994 us eng |
| 020 |
|
|
|a 052146739X
|
| 040 |
|
|
|a GR-PaULI
|c GR-PaULI
|
| 041 |
0 |
|
|a eng
|
| 082 |
0 |
4 |
|a 330.17
|
| 245 |
1 |
0 |
|a Property rights
|c edited by Ellen Frankel Paul, Fred D. Miller, Jr., and Jeffrey Paul
|
| 260 |
|
|
|a Cambridge
|b Cambridge University Press
|c 1994
|
| 300 |
|
|
|a xiv, 291 p.
|c 23 cm.
|
| 504 |
|
|
|a Includes index
|
| 650 |
|
4 |
|a Οικονομία
|x Ιδιοκτησία
|9 146353
|
| 700 |
1 |
|
|a Paul, Ellen Frankel
|4 edt
|9 75759
|
| 700 |
1 |
|
|a Miller, Fred D.,
|c Jr.,
|d 1944-
|4 edt
|9 75760
|
| 700 |
1 |
|
|a Paul, Jeffrey
|4 edt
|9 75761
|
| 852 |
|
|
|a GR-PaULI
|b ΠΑΤΡΑ
|b ΒΚΠ
|k ΑΣΧΞ
|h 330.17 PRO
|m 043311
|p 025000056358
|t 1
|
| 942 |
|
|
|2 ddc
|c BK15
|
| 952 |
|
|
|0 0
|1 0
|4 0
|6 330_170000000000000_PRO
|7 0
|9 185540
|a LISP
|b LISP
|d 2016-04-24
|i 043311
|l 0
|o 330.17 PRO
|p 025000056358
|r 2016-04-24 00:00:00
|t 1
|w 2016-04-24
|y BK15
|
| 998 |
|
|
|c ΣΥΨΑ
|d 1999-05
|
| 999 |
|
|
|c 114319
|d 114319
|